Positions By Ariana Grande all songs - Statistics

General Stats
  • This quiz has been taken 21 times
  • The average score is 12 of 14
Answer Stats
Number Song Title % Correct
Song 3 motive
100%
Song 2 34+35
95%
Song 14 pov
95%
Song 7 safety net
95%
Song 1 shut up
95%
Song 8 my hair
89%
Song 12 positions
89%
Song 9 nasty
84%
Song 13 obvious
84%
Song 5 off the table
84%
Song 10 west side
84%
Song 4 just like magic
79%
Song 6 six thirty
79%
Song 11 love language
74%
No matching quizzes found
Score Distribution
Percent of People with Each Score
Percentile by Number Answered
Your Score History
You have not taken this quiz